000 00840cam a22002771 4500
001 30171
003 BD-RjUL
005 20211209051526.0
008 140409s1954 nyua 000 0 eng
035 _a(BD-RjUL)30256
035 _a(OCoLC)736771
040 _aDLC
_cOWibfC
_dOCoLC
_dDLC
_dBD-RjUL
_beng
041 _aeng
082 _a133.88
_bMYH V-2 1954
100 1 _aMyers, F. W. H.
_q(Frederic William Henry),
_d1843-1901.
_991740
245 1 0 _aHuman personality and its survival of bodily death /
_cFrederic W. H. Myers.
_nVol. II
250 _a[New ed.]
260 _aNew York :
_bLongmans, Green,
_cc1954.
300 _a2 v.
_billus.
_c24 cm.
650 0 _aPersonality.
_991741
650 0 _aImmortality.
_991742
650 0 _aParapsychology.
_988182
942 _2ddc
_cBK
999 _c30171
_d30171